000 00371nam a22001457a 4500
999 _c9206
_d9206
003 GBCCL
005 20241126110707.0
008 220531b ||||| |||| 00| 0 eng d
040 _cgbc
082 _aMAG SIA
_b1990
245 _aSiamsinpawlpi annual magazine 1990 /
_cedited by H Khupkhanthang
260 _aLamka:
_bSSPP,
_c1990
300 _a122p. ;
942 _2ddc
_cARCH